| 000 | 00947cab a2200277 4500 | ||
|---|---|---|---|
| 001 | ABS57978 | ||
| 008 | 090401t1997 xxu||||| |||| 00| 0 eng d | ||
| 035 | _a(Sirsi) u82341 | ||
| 041 | _aeng | ||
| 100 | _aLand, H. | ||
| 245 | _aAt last! NVQs go live | ||
| 260 | _c1997 | ||
| 350 | _a0 | ||
| 490 |
_aCSM _bChartered Surveyor Monthly _v7(3) November/December 1997, 33(1) |
||
| 520 | _aA number of NVQs at level 4 have been validated for surveyors - building control, property management, valuation and spatial data management. Looks at who they will help and why and provides contact information. | ||
| 650 |
_aBUILDING CONTROL _96222 |
||
| 650 | _aEDUCATION AND TRAINING | ||
| 650 | _aNVQS | ||
| 650 |
_aProperty management _96262 |
||
| 650 | _aSPATIAL DATA MANAGEMENT | ||
| 650 | _aSURVEYORS | ||
| 650 |
_aValuation _96273 |
||
| 690 | _aMANAGEMENT-BUSINESS MANAGEMENT-PROFESSIONAL PRACTICE | ||
| 942 | _n0 | ||
| 948 | _c26/11/1997 | ||
| 999 |
_c51967 _d51967 |
||